Statistics for Ultimate Formula 1 Quiz

Click here to take the quiz!

General Stats

  • This quiz has been taken 73 times
  • The average score is 194 of 365

Answer Stats

YearDriver% Correct
2022Max Verstappen
100%
Netherlands
100%
Red Bull
98%
Red Bull
85%
2021Max Verstappen
83%
Netherlands
83%
Red Bull
80%
Great Britain
78%
2020Lewis Hamilton
78%
Mercedes
75%
Mercedes
73%
Mercedes
73%
Germany
70%
Germany
70%
Germany
70%
Germany
70%
Great Britain
70%
Great Britain
70%
Great Britain
70%
Great Britain
70%
Great Britain
70%
2017Lewis Hamilton
70%
2018Lewis Hamilton
70%
2019Lewis Hamilton
70%
2014Lewis Hamilton
70%
2015Lewis Hamilton
70%
2012Sebastian Vettel
70%
2013Sebastian Vettel
70%
2011Sebastian Vettel
70%
2010Sebastian Vettel
70%
2006Fernando Alonso
68%
Finland
68%
Germany
68%
Great Britain
68%
Great Britain
68%
2009Jenson Button
68%
2007Kimi Räikkönen
68%
Mercedes
68%
Mercedes
68%
Mercedes
68%
Mercedes
68%
Mercedes
68%
Mercedes
68%
Mercedes
68%
Mercedes
68%
Mercedes
68%
Mercedes
68%
Mercedes
68%
1994Michael Schumacher
68%
1995Michael Schumacher
68%
2001Michael Schumacher
68%
2004Michael Schumacher
68%
2000Michael Schumacher
68%
2002Michael Schumacher
68%
2003Michael Schumacher
68%
2016Nico Rosberg
68%
Spain
68%
Ferrari
65%
Ferrari
65%
Ferrari
65%
Ferrari
65%
Ferrari
65%
Ferrari
65%
Ferrari
65%
Ferrari
65%
Ferrari
65%
Ferrari
65%
Ferrari
65%
Ferrari
65%
Ferrari
65%
Ferrari
65%
Ferrari
65%
Ferrari
65%
Ferrari
65%
Ferrari
65%
Germany
65%
Germany
65%
Germany
65%
Germany
65%
Germany
65%
Germany
65%
Germany
65%
2008Lewis Hamilton
65%
Mercedes
65%
Mercedes
65%
Mercedes
65%
Mercedes
65%
Mercedes
65%
Mercedes
65%
Mercedes
65%
Red Bull
65%
Red Bull
65%
Red Bull
65%
Red Bull
65%
Spain
65%
2005Fernando Alonso
63%
Ferrari
63%
Mclaren
63%
Mercedes
63%
1999Mika Häkkinen
63%
1998Mika Häkkinen
63%
Red Bull
63%
Red Bull
63%
Red Bull
63%
Red Bull
63%
1993Alain Prost
60%
1989Alain Prost
60%
1991Ayrton Senna
60%
1988Ayrton Senna
60%
1990Ayrton Senna
60%
Benetton
60%
Brazil
60%
Brazil
60%
Brazil
60%
Brazil
60%
Canada
60%
1996Damon Hill
60%
Ferrari
60%
Ferrari
60%
Finland
60%
Finland
60%
France
60%
France
60%
Great Britain
60%
Great Britain
60%
1997Jacques Villeneuve
60%
Mclaren
60%
Mclaren
60%
Mclaren
60%
Mclaren
60%
Mclaren
60%
Mclaren
60%
Mclaren
60%
Mercedes
60%
1987Nelson Piquet
60%
1992Nigel Mansell
60%
Renault
60%
Renault
60%
Renault
60%
Williams
60%
Williams
60%
Williams
60%
Williams
60%
Williams
60%
Williams
60%
Williams
60%
1985Alain Prost
58%
1986Alain Prost
58%
Benetton
58%
Benetton
58%
Brawn
58%
Ferrari
58%
France
58%
France
58%
Mclaren
58%
Mclaren
58%
Mclaren
58%
Mclaren
58%
Mclaren
58%
Mercedes
58%
Renault
58%
Renault
58%
Renault
58%
Williams
58%
Williams
58%
Williams
58%
Williams
58%
Williams
58%
Austria
55%
Austria
55%
Austria
55%
Brawn
55%
Ferrari
55%
1976James Hunt
55%
Mclaren
55%
Mclaren
55%
Mclaren
55%
1975Niki Lauda
55%
1977Niki Lauda
55%
1984Niki Lauda
55%
1980Alan Jones
53%
Australia
53%
Brazil
53%
Brazil
53%
1967Denny Hulme
53%
1972Emerson Fittipaldi
53%
1974Emerson Fittipaldi
53%
Ferrari
53%
Ferrari
53%
1968Graham Hill
53%
Great Britain
53%
Great Britain
53%
1966Jack Brabham
53%
1973Jackie Stewart
53%
1971Jackie Stewart
53%
1969Jackie Stewart
53%
1979Jody Scheckter
53%
1978Mario Andretti
53%
Mclaren
53%
Mercedes
53%
1983Nelson Piquet
53%
Renault
53%
Renault
53%
Renault
53%
Renault
53%
South Africa
53%
USA
53%
Williams
53%
Australia
50%
Brazil
50%
Brazil
50%
Ferrari
50%
Ferrari
50%
Ferrari
50%
1950Giuseppe Farina
50%
Great Britain
50%
Great Britain
50%
Great Britain
50%
1965Jim Clark
50%
1970Jochen Rindt
50%
1982Keke Rosberg
50%
Mclaren
50%
1981Nelson Piquet
50%
New Zealand
50%
Williams
50%
Austria
48%
Ferrari
48%
Ferrari
48%
Ferrari
48%
Ferrari
48%
Ferrari
48%
Ferrari
48%
Finland
48%
1962Graham Hill
48%
Great Britain
48%
1959Jack Brabham
48%
1960Jack Brabham
48%
1963Jim Clark
48%
1964John Surtees
48%
1961Phil Hill
48%
Renault
48%
Renault
48%
Williams
48%
Williams
48%
1953Alberto Ascari
45%
1952Alberto Ascari
45%
Australia
45%
Australia
45%
Ferrari
45%
Ferrari
45%
Ferrari
45%
Ferrari
45%
Ferrari
45%
Ferrari
45%
Ferrari
45%
Ferrari
45%
Ferrari
45%
Great Britain
45%
Great Britain
45%
Great Britain
45%
1956Juan Manuel Fangio
45%
1957Juan Manuel Fangio
45%
1955Juan Manuel Fangio
45%
1951Juan Manuel Fangio
45%
1954Juan Manuel Fangio
45%
Lotus
45%
Lotus
45%
Lotus
45%
Mclaren
45%
Mclaren
45%
1958Mike Hawthorn
45%
Renault
45%
Renault
45%
USA
45%
Argentina
43%
Argentina
43%
Argentina
43%
Argentina
43%
Argentina
43%
Brabham
43%
Ferrari
43%
Ferrari
43%
Ferrari
43%
Ferrari
43%
Ferrari
43%
Ferrari
43%
Ferrari
43%
Ferrari
43%
Ferrari
43%
Ferrari
43%
Ferrari
43%
Great Britain
43%
Honda
43%
Honda
43%
Honda
43%
Italy
43%
Italy
43%
Italy
43%
Lotus
43%
Lotus
43%
Lotus
43%
Lotus
43%
Renault
43%
Renault
43%
Tyrrell
43%
Alfa Romeo
40%
Brabham
40%
Brabham
40%
Cooper
40%
Cooper
40%
Ferrari
40%
Honda
40%
Honda
40%
Honda
40%
Lotus
40%
Lotus
40%
Matra
40%
Tyrrell
40%
Tyrrell
40%
Alfa Romeo
38%
Brabham
38%
Brabham
38%
Brabham
38%
BRM
38%
Cooper
38%
Cooper
38%
Lotus
38%
Lotus
38%
Lotus
38%
Mercedes
38%
Mercedes
38%
Mercedes
38%
Alfa Romeo
35%
Alfa Romeo
35%
BRM
35%
Lotus
35%
Matra
35%
Vanwall
35%
Alfa Romeo
33%
Maserati
33%
Maserati
33%
Maserati
33%
Red Bull Powertrains
33%
Alfa Romeo
30%
BRM
30%
Maserati
30%
Vanwall
30%
Climax
28%
Climax
28%
Cosworth
25%
Cosworth
25%
Cosworth
25%
Cosworth
25%
Cosworth
25%
Cosworth
25%
Cosworth
25%
Cosworth
25%
Cosworth
25%
Cosworth
25%
Climax
23%
Porsche-TAG
23%
Porsche-TAG
23%
Repco
23%
Climax
20%
Repco
20%

Score Distribution

Percentile by Number Answered

Percent of People with Each Score

Your Score History

You have not taken this quiz